000 00414nam a22001697a 4500
005 20160617163831.0
008 160617b xxu||||| |||| 00| 0 eng d
020 _a81-7808-031-1
041 _aeng
082 _b8038
100 _aChristoper, Martin
_92152
245 _aLogistics and Supply Chain Mgt.
260 _aDelhi
_bPearson Education
_c2005
300 _a287
650 _aManagement
_9241
942 _cBK
999 _c3007
_d3006